[Event "4NCL 2019-20"]
[Site "Daventry"]
[Date "2020.02.09"]
[Round "6"]
[White "York-Weaving, Richard"]
[Black "Kolbus, Dietmar"]
[Result "1/2-1/2"]
[WhiteElo "2339"]
[BlackElo "2294"]
[Annotator "TA"]
[PlyCount "138"]
[EventDate "2020.01.11"]
[EventCountry "ENG"]
[SourceTitle "playchess.com"]
[Source "ChessBase"]
[SourceQuality "1"]

{[%evp 18,138,24,19,31,22,17,22,41,36,36,37,37,38,38,50,67,54,100,75,81,89,97,57,75,46,133,121,120,96,108,95,135,27,13,25,68,36,37,28,54,45,72,35,47,31,31,40,54,19,20,19,21,18,34,28,89,84,80,79,86,86,86,86,98,72,106,50,50,44,58,29,29,30,30,20,30,32,49,0,0,0,0,0,0,0,4,0,0,0,29,29,29,29,29,29,29,29,29,0,0,0,0,0,0,0,0,0,12,12,59,0,0,0,0,0,0,0,0,0,0,0,0]} 1. e4 c6 2. d4 d5 3. exd5 cxd5 4. c4 Nf6 5. Nc3 e6 6. Nf3 Be7 7. cxd5 exd5 8. Bd3 O-O 9. h3 Nc6 10. O-O Re8 {B14: Caro-Kann: Panov-Botvinnik Attack with 5...e6 and 5...g6.} 11. Re1 h6 12. Bf4 a6 13. Rc1 Be6 14. Bb1 Bf8 {[#]} 15. Ne5 $146 ({Predecessor:} 15. a3 Rc8 16. Ne5 Qb6 17. Nxc6 Rxc6 18. Qd2 Qd8 19. Be5 Nd7 20. Rcd1 Nb6 21. Qd3 {1-0 (39) Lanka,Z (2509)-Bastian,M (2198) Saarlouis 2003}) 15... Rc8 16. Qd3 Nb4 17. Qf3 g5 18. Bh2 Bg7 19. Rcd1 Nc6 20. Nxc6 Rxc6 21. Qd3 Bc8 {[#]} (21... Ne4 $14) 22. Be5 $1 $16 {Nxd5! is the strong threat.} Kf8 23. Re3 Rce6 24. Rde1 Ng8 25. a3 (25. Bxg7+ $16 Kxg7 26. Qh7+ Kf8 27. Rf1) 25... Bxe5 $11 26. Rxe5 f6 27. R5e3 Rxe3 28. fxe3 Re7 29. Rf1 Be6 30. Ba2 Kg7 31. Qe2 Qd6 32. Qf3 {[%cal Ra2d5]} Rd7 33. Ne2 {[%cal Bc3e2,Be2g3,Bg3h5,Bh5f4][%mdl 32]} Rf7 34. Ng3 f5 35. Bb1 {[%cal Rg3f5]} Ne7 36. h4 g4 (36... Kg8 $11 {keeps the balance.}) 37. Nh5+ $16 Kf8 {[#]} 38. Qf4 $1 {[%mdl 512]} Qxf4 39. Nxf4 Bd7 40. Rc1 Bc6 41. Ba2 Rf6 42. g3 (42. Kf2 $16) 42... Ke8 $14 43. Rc5 {[%cal Ra2d5]} Rd6 44. b4 b6 45. Rc3 Bb5 46. Bb3 Rc6 47. Rxc6 Bxc6 $11 {[%mdl 4096] Endgame KBN-KBN} 48. Nd3 Bb5 49. Ne5 Bd7 50. Kf2 Be6 51. Bc2 Bd7 52. Ke1 Be6 53. Bd3 Bc8 54. a4 {[%cal Ba3a4,Ba4a5][%mdl 32]} Kf8 55. a5 b5 $1 56. Be2 Ke8 57. Bf1 Ng8 58. Bg2 Nf6 59. Nd3 Ke7 60. Nf4 Kd6 61. Ng6 Be6 62. Ne5 Ne4 63. Bxe4 $1 fxe4 {KB-KN} (63... dxe4 {looks sharper.} 64. Kf2 Kd5 65. Kf1 Kd6 66. Ke1 Ba2) 64. h5 (64. Ng6 $1 $14) 64... Kc7 {The position is equal.} 65. Ng6 Kd6 66. Kf2 Bf7 {And now ...Bxg6 would win.} 67. Ne5 Bxh5 68. Ke1 Kc7 69. Kf2 Kd6 {Accuracy: White = 77%, Black = 82%.} 1/2-1/2

[Event "4NCL 2019-20"]
[Site "Daventry"]
[Date "2020.02.09"]
[Round "6"]
[White "Batchelor, Peter J"]
[Black "Williams, Simon K"]
[Result "1/2-1/2"]
[WhiteElo "2318"]
[BlackElo "2461"]
[Annotator "TA"]
[PlyCount "85"]
[EventDate "2020.01.11"]
[EventCountry "ENG"]
[SourceTitle "playchess.com"]
[Source "ChessBase"]
[SourceQuality "1"]

{[%evp 9,85,27,25,14,20,13,12,27,67,0,35,2,42,22,68,59,73,68,187,166,178,180,172,169,179,158,169,157,171,162,195,187,200,178,185,185,177,200,187,165,162,137,164,72,71,58,59,32,8,6,8,0,0,0,0,0,0,0,0,0,24,0,0,0,0,-8,0,0,0,0,0,0,0,0,0,0,0,0]} 1. Nf3 f5 2. d3 Nc6 3. d4 e6 4. g3 Nf6 5. Bg2 b5 6. Nbd2 {A04: Unusual lines after 1 Nf3 and King's Indian Attack.} Rb8 7. O-O d5 {[#]} 8. c3 $146 ({Predecessor:} 8. Ne5 Nxe5 9. dxe5 Nd7 10. Nf3 c5 11. b3 Be7 12. c4 bxc4 13. bxc4 dxc4 14. Qc2 {½-½ (45) Fressinet,L (2708)-Christiansen,L (2584) Tromsoe 2013}) 8... Be7 9. Ne1 (9. a4 $14) 9... O-O 10. Nd3 Bd7 11. f3 Bd6 12. e4 dxe4 13. fxe4 {[#] e5 is the strong threat.} Ng4 (13... e5 $14) 14. Qe2 Nxh2 15. Kxh2 Qh4+ 16. Kg1 Bxg3 {[%csl Gg3][%cal Rh4h2] [#]} 17. Nf3 $1 {[%cal Rf3h4]} Qxe4 18. Qxe4 fxe4 19. Nfe5 Rxf1+ 20. Bxf1 Be8 21. Bf4 Bxf4 22. Nxf4 Nxe5 23. dxe5 Kf7 24. Re1 Bc6 25. Bg2 Rd8 26. Bxe4 (26. Bh3 $18) 26... Bxe4 $16 27. Rxe4 $18 {[%mdl 4096] Endgame KRN-KR} g5 28. Nh3 Rd1+ 29. Kf2 Kg6 $1 30. Ke2 Rb1 31. Rb4 a6 32. Nf2 c5 33. Rb3 Kf5 34. Nd1 Kxe5 35. Ra3 h5 {The position is equal.} 36. Rxa6 h4 37. Ra8 Kf4 38. Rf8+ Kg3 39. Rf3+ Kh2 40. Rf2+ Kg3 {Threatens to win with ...Rxd1!} 41. Rf3+ Kh2 {Strongly threatening ...Rxd1.} 42. Rf2+ Kg3 {White must now prevent ...Rxd1!} 43. Rf3+ {Accuracy: White = 82%, Black = 75%.} 1/2-1/2

[Event "4NCL 2019-20"]
[Site "Daventry"]
[Date "2020.02.09"]
[Round "6"]
[White "Chow, Samuel"]
[Black "Taylor, Martin R"]
[Result "1/2-1/2"]
[WhiteElo "2317"]
[BlackElo "2345"]
[Annotator "ChessBase"]
[PlyCount "34"]
[EventDate "2020.01.11"]
[EventCountry "ENG"]
[SourceTitle "playchess.com"]
[Source "ChessBase"]
[SourceQuality "1"]
[TimeControl "40/6000:3000+30"]

1. c4 {[%emt 0:00:00]} f5 {[%emt 0:00:00]} 2. g3 {[%emt 0:01:59]} Nf6 {[%emt 0:00:00]} 3. Bg2 {[%emt 0:00:41]} g6 {[%emt 0:00:00]} 4. Nc3 {[%emt 0:00:47]} Bg7 {[%emt 0:00:00]} 5. d3 {[%emt 0:14:59]} d6 {[%emt 0:00:00]} 6. e4 {[%emt 0:00:33]} e5 {[%emt 0:14:11]} 7. Nge2 {[%emt 0:00:00]} O-O {[%emt 0:00:00]} 8. O-O {[%emt 0:01:18]} f4 {[%emt 0:01:44]} 9. gxf4 {[%emt 0:10:47]} Nh5 {[%emt 0:00:09]} 10. f5 {[%emt 0:01:18]} Qh4 {[%emt 0:18:16]} 11. Nd5 {[%emt 0:11:49]} Na6 {[%emt 0:03:10]} 12. fxg6 {[%emt 0:05:21]} hxg6 {[%emt 0:15:28]} 13. f3 {[%emt 0:00:58]} c6 {[%emt 0:00:59]} 14. Ndc3 {[%emt 0:00:12]} Nf4 {[%emt 0:17:01]} 15. Nxf4 {[%emt 0:08:29]} exf4 {[%emt 0:00:00]} 16. Ne2 {[%emt 0:00:02]} g5 {[%emt 0:03:16]} 17. Rb1 {[%emt 0:02:02]} Rf6 {[%emt 0:07:44]} 1/2-1/2

[Event "4NCL 2019-20"]
[Site "Daventry"]
[Date "2020.02.09"]
[Round "6"]
[White "Bisby, Daniel L"]
[Black "Gordon, Stephen J"]
[Result "0-1"]
[WhiteElo "2314"]
[BlackElo "2504"]
[Annotator "ChessBase"]
[PlyCount "50"]
[EventDate "2020.01.11"]
[EventCountry "ENG"]
[SourceTitle "playchess.com"]
[Source "ChessBase"]
[SourceQuality "1"]
[TimeControl "40/6000:3000+30"]

1. e4 {[%emt 0:02:00]} c5 {[%emt 0:00:00]} 2. Nf3 {[%emt 0:00:09]} d6 {[%emt 0:00:00]} 3. Bb5+ {[%emt 0:00:48]} Bd7 {[%emt 0:01:04]} 4. Bxd7+ {[%emt 0:00:49]} Qxd7 {[%emt 0:00:00]} 5. O-O {[%emt 0:00:00]} Nf6 {[%emt 0:00:00]} 6. Qe2 {[%emt 0:02:57]} Nc6 {[%emt 0:00:00]} 7. c3 {[%emt 0:00:16]} e6 {[%emt 0:00:00]} 8. d4 {[%emt 0:00:00]} cxd4 {[%emt 0:00:04]} 9. cxd4 {[%emt 0:00:00]} d5 {[%emt 0:00:00]} 10. e5 {[%emt 0:00:00]} Ng8 {[%emt 0:01:07]} 11. Nc3 {[%emt 0:00:27]} Nge7 {[%emt 0:00:03]} 12. Rd1 {[%emt 0:03:12]} Nf5 {[%emt 0:02:20]} 13. Bf4 {[%emt 0:16:14]} Be7 {[%emt 0:04:06]} 14. g4 {[%emt 0:04:53]} Nh4 {[%emt 0:10:13]} 15. Nxh4 {[%emt 0:04:49]} Bxh4 {[%emt 0:00:00]} 16. Rd3 {[%emt 0:06:06]} f6 {[%emt 0:13:33]} 17. exf6 {[%emt 0:10:14]} Bxf6 {[%emt 0:00:00]} 18. g5 {[%emt 0:00:59]} Bxd4 {[%emt 0:04:59]} 19. Rad1 {[%emt 0:08:21]} Bxc3 {[%emt 0:06:15]} 20. Rxd5 {[%emt 0:00:00]} Qf7 {[%emt 0:00:31]} 21. Rd7 {[%emt 0:00:19]} Qxf4 {[%emt 0:10:41]} 22. Qxe6+ {[%emt 0:00:00]} Kf8 {[%emt 0:00:00]} 23. bxc3 {[%emt 0:01:30]} Re8 {[%emt 0:06:36]} 24. Qd5 {[%emt 0:00:44]} Re5 {[%emt 0:21:51]} 25. Qd6+ {[%emt 0:06:33]} Ke8 {[%emt 0:01:18]} 0-1

[Event "4NCL 2019-20"]
[Site "Daventry"]
[Date "2020.02.09"]
[Round "6"]
[White "Li, Henry"]
[Black "Ansell, Simon T"]
[Result "1/2-1/2"]
[WhiteElo "2310"]
[BlackElo "2334"]
[Annotator "NA"]
[PlyCount "25"]
[EventDate "2020.01.11"]
[EventCountry "ENG"]
[SourceTitle "playchess.com"]
[Source "ChessBase"]
[SourceQuality "1"]
[TimeControl "40/6000:3000+30"]

1. e4 {[%emt 0:00:00]} e5 {[%emt 0:00:00]} 2. Nf3 {[%emt 0:00:00]} Nc6 {[%emt 0:00:00]} 3. Bb5 {[%emt 0:00:00]} g6 {[%emt 0:00:00]} 4. d4 {[%emt 0:07:44]} exd4 {[%emt 0:00:00]} 5. Bg5 {[%emt 0:00:00]} Be7 {[%emt 0:00:00]} 6. Bxe7 {[%emt 0:00:00]} Qxe7 {[%emt 0:00:00]} 7. Bxc6 {[%emt 0:00:08]} dxc6 {[%emt 0:00:00]} 8. Qxd4 {[%emt 0:00:00]} Nf6 {[%emt 0:00:00]} 9. O-O {[%emt 0:00:25]} O-O {[%emt 0:01:21]} 10. e5 {[%emt 0:12:21]} Nd5 {[%emt 0:00:55]} 11. Nbd2 {[%emt 0:19:30]} Bf5 {[%emt 0:09:20]} 12. Ne4 {[%emt 0:19:16]} f6 {[%emt 0:12:04]} 13. Nxf6+ {[%emt 0:09:23]} 1/2-1/2

[Event "4NCL 2019-20"]
[Site "Daventry"]
[Date "2020.02.09"]
[Round "6"]
[White "Cox, John J"]
[Black "Townsend, M Paul"]
[Result "1/2-1/2"]
[WhiteElo "2308"]
[BlackElo "2217"]
[Annotator "TA"]
[PlyCount "88"]
[EventDate "2020.01.11"]
[EventCountry "ENG"]
[SourceTitle "playchess.com"]
[Source "ChessBase"]
[SourceQuality "1"]

{[%evp 17,88,26,18,25,25,20,31,10,24,5,15,8,18,6,16,-4,-7,-7,-6,-23,-15,-27,-14,-26,0,0,0,0,66,68,77,72,60,75,80,80,81,86,102,0,0,0,0,0,0,0,0,0,0,0,0,0,0,0,0,0,0,0,0,0,0,0,0,0,0,0,0,0,0,0,0,0,0]} 1. c4 e6 2. Nc3 d5 3. d4 Nf6 4. cxd5 exd5 5. Bg5 c6 6. e3 Be7 7. Bd3 Nbd7 8. Qc2 h6 {Recently 8...Nh5 got a lot of attention.} 9. Bh4 Nh5 10. Bxe7 {D36: Queen's Gambit Declined: Exchange Variation: Main line (5 Bg5 c6 6 Qc2).} Qxe7 11. O-O-O Nb6 12. h3 {White is slightly better.} Nf6 13. Nf3 Be6 14. Kb1 O-O-O 15. Rc1 Kb8 16. Na4 Nxa4 17. Qxa4 Ne4 {[#]} 18. Rc2 $146 ({Predecessor:} 18. Bxe4 dxe4 19. Nd2 Bd5 20. Rc3 Qg5 21. Rg1 Qh4 22. Rf1 Qg5 23. Rg1 Qh4 24. Rf1 Qg5 {½-½ (24) Sharavdorj,D (2375)-Gundavaa,B (2489) Ulaanbaatar 2020}) 18... Bf5 {[#] aiming for ...Nxf2!} 19. Rhc1 Rc8 20. Ka1 Nd6 21. Bxf5 Nxf5 22. Ne5 Nd6 ({Black should play} 22... Rhd8 $11) 23. Qb4 $14 Ka8 24. Nxf7 $1 Qxf7 25. Qxd6 Rhf8 26. b4 a6 27. a4 {[%cal Ba2a4,Ba4b5][%mdl 32]} Qf5 28. b5 ({White should try} 28. g4 $16 Qf6 29. Qxf6 Rxf6 30. b5) 28... cxb5 $11 {The position is equal.} 29. axb5 Rxc2 30. Rxc2 Qxc2 31. Qxf8+ {[%mdl 4160] [#] Endgame Double Attack. KQ-KQ} Ka7 32. Qc5+ (32. Qb4 {keeps more tension.} Qxf2 33. Qc5+ Kb8 34. Qd6+ Kc8 35. Qe6+) 32... Qxc5 33. dxc5 {Threatens to win with b6+.} axb5 {KP-KP} 34. f3 b6 35. c6 Kb8 36. Kb2 Kc7 37. Kc3 Kxc6 38. Kb4 Kd6 {Strongly threatening ...d4!} 39. Kxb5 d4 40. exd4 Kd5 41. Kxb6 Kxd4 {White must now prevent ...Ke3.} 42. Kc6 Ke3 {Hoping for ...Kf2.} 43. Kd6 Kf2 44. Ke6 Kxg2 {Accuracy: White = 96%, Black = 93%.} 1/2-1/2

[Event "4NCL 2019-20"]
[Site "Daventry"]
[Date "2020.02.09"]
[Round "6"]
[White "Webb, Laurence E"]
[Black "Kanyamarala, Trisha"]
[Result "1-0"]
[WhiteElo "2307"]
[BlackElo "2299"]
[Annotator "TA"]
[PlyCount "107"]
[EventDate "2020.01.11"]
[EventCountry "ENG"]
[SourceTitle "playchess.com"]
[Source "ChessBase"]
[SourceQuality "1"]

{[%evp 14,107,-5,-32,-8,-17,7,9,12,0,14,11,7,16,33,22,35,-14,-4,-19,-10,-17,0,-5,7,-41,-8,-10,-4,-8,-8,-12,-8,-8,120,120,110,92,92,92,92,92,92,92,334,234,247,181,187,97,237,226,230,220,435,435,435,434,485,418,420,242,406,369,318,242,223,207,189,158,196,138,116,104,5512,2716,6520,5522,29975,29976,29978,29979,29979,29979,29981,29982,29982,29982,29983,29983,29986,29987,29987,29988,29987,29988]} 1. d4 Nf6 2. c4 e6 3. Nc3 Bb4 4. Bg5 c5 5. d5 d6 6. e3 exd5 7. cxd5 Nbd7 8. Bb5 Bxc3+ {E30: Nimzo-Indian: Leningrad Variation.} (8... h6 {feels hotter.} 9. Bh4 Bxc3+ 10. bxc3 O-O 11. Bd3 Ne5) 9. bxc3 Qa5 (9... h6 $5 {[%cal Rh6g5]} 10. Bxf6 Qxf6 $11) 10. Bxd7+ Nxd7 {The position is equal.} 11. Ne2 O-O 12. Be7 {[%mdl 64] Double Attack} Re8 13. Bxd6 Nf6 14. O-O Bg4 {[#] And now ...Rad8 would win.} 15. Bg3 $146 (15. f3 {looks sharper.} Rad8 16. Bg3 Rxd5 17. Qb3 Bc8 18. e4) ({Predecessor:} 15. f3 Rad8 16. Bg3 Rxd5 17. Qb3 Be6 18. c4 Rd7 19. Nf4 Qb4 20. Rfc1 g5 21. Nxe6 Rxe6 {½-½ (29) Stocek,J (2557)-Stohl,I (2518) Czechia 2013}) 15... Bxe2 16. Qxe2 Nxd5 17. c4 Nc3 18. Qc2 Rad8 19. Rfc1 Ne4 20. Rd1 Rd2 (20... h6 {keeps more tension.} 21. Rxd8 Qxd8 22. Rd1 Qa5 23. Bf4 g5) 21. Rxd2 Qxd2 22. Qxd2 Nxd2 $11 {[%mdl 4096] Endgame KRB-KRN} 23. Rc1 Re4 (23... g5 $11 {keeps the balance.}) 24. Rd1 $16 Rxc4 {Strongly threatening ...f6.} 25. f3 Rc2 {White must now prevent ...h6.} 26. Be1 Rxa2 27. Rxd2 Rxd2 28. Bxd2 {KB-KP} b5 $2 (28... f5 $16 {was called for.}) 29. Kf2 Kf8 30. Ke2 Ke7 31. Kd3 (31. e4 $18) 31... Kd6 (31... f5 $16) 32. e4 $18 Kc6 33. Ba5 g6 $2 (33... h5 {was necessary.} 34. h3 Kd7) 34. g4 Kd6 35. f4 h5 36. g5 Ke6 37. Bc3 (37. Be1 $142 Ke7 38. f5) 37... Kd6 $2 (37... Ke7 {is a better defense.} 38. Bd2 Ke6) 38. f5 Kd7 39. Bg7 Ke7 40. Kc3 a5 41. Kb3 Ke8 42. Be5 Kd7 43. Bf4 Kc6 $2 {[%mdl 8192] [#]} (43... a4+ $16 44. Ka3 Ke7) 44. e5 $1 {[%cal Re5e6]} Kd7 {[#]} 45. e6+ $1 {[%mdl 64] Deflection} fxe6 46. fxg6 {White mates.} c4+ 47. Kc3 Ke8 48. Bd6 e5 49. Bxe5 Kf8 50. Kd4 Ke7 51. Kc5 Ke6 52. g7 Kf7 53. Kxb5 h4 54. Kxa5 {Accuracy: White = 78%, Black = 54%.} 1-0

[Event "4NCL 2019-20"]
[Site "Daventry"]
[Date "2020.02.09"]
[Round "6"]
[White "Grieve, Harry"]
[Black "Bridgeman, Niamh"]
[Result "1-0"]
[WhiteElo "2299"]
[BlackElo "1665"]
[Annotator "ChessBase"]
[PlyCount "73"]
[EventDate "2020.01.11"]
[EventCountry "ENG"]
[SourceTitle "playchess.com"]
[Source "ChessBase"]
[SourceQuality "1"]
[TimeControl "40/6000:3000+30"]

1. e4 {[%emt 0:00:00]} e6 {[%emt 0:00:00]} 2. d4 {[%emt 0:00:00]} d5 {[%emt 0:00:00]} 3. Nd2 {[%emt 0:00:00]} c5 {[%emt 0:00:00]} 4. exd5 {[%emt 0:00:00]} Qxd5 {[%emt 0:00:00]} 5. Ngf3 {[%emt 0:00:00]} cxd4 {[%emt 0:00:00]} 6. Bc4 {[%emt 0:00:00]} Qd7 {[%emt 0:00:00]} 7. O-O {[%emt 0:00:00]} Nf6 {[%emt 0:00:00]} 8. Nb3 {[%emt 0:00:00]} Nc6 {[%emt 0:00:00]} 9. Nbxd4 {[%emt 0:00:00]} Nxd4 {[%emt 0:00:00]} 10. Nxd4 {[%emt 0:00:00]} a6 {[%emt 0:00:00]} 11. Re1 {[%emt 0:00:00]} Bc5 {[%emt 0:00:00]} 12. Be3 {[%emt 0:06:48]} Qc7 {[%emt 0:00:43]} 13. Bb3 {[%emt 0:11:59]} O-O {[%emt 0:05:05]} 14. Qf3 {[%emt 0:04:28]} e5 {[%emt 0:27:50]} 15. Nf5 {[%emt 0:03:21]} Bxf5 {[%emt 0:24:33]} 16. Qxf5 {[%emt 0:00:12]} Rfe8 {[%emt 0:05:36]} 17. Bg5 {[%emt 0:11:51]} Qd7 {[%emt 0:10:46]} 18. Qxd7 {[%emt 0:05:48]} Nxd7 {[%emt 0:00:00]} 19. Rad1 {[%emt 0:00:00]} Nb6 {[%emt 0:01:36]} 20. a4 {[%emt 0:11:17]} Kf8 {[%emt 0:07:08]} 21. a5 {[%emt 0:01:39]} f6 {[%emt 0:05:36]} 22. Be3 {[%emt 0:20:32]} Bxe3 {[%emt 0:00:30]} 23. Rxe3 {[%emt 0:00:00]} Red8 {[%emt 0:05:14]} 24. Red3 {[%emt 0:00:23]} Rxd3 {[%emt 0:00:11]} 25. Rxd3 {[%emt 0:00:00]} Nc8 {[%emt 0:00:21]} 26. Rd7 {[%emt 0:02:24]} Rb8 {[%emt 0:01:29]} 27. Rf7+ {[%emt 0:00:00]} Ke8 {[%emt 0:00:11]} 28. Rxg7 {[%emt 0:00:00]} h5 {[%emt 0:00:51]} 29. Be6 {[%emt 0:02:08]} Kd8 {[%emt 0:00:27]} 30. Rd7+ {[%emt 0:02:44]} Ke8 {[%emt 0:00:00]} 31. Rh7 {[%emt 0:00:00]} Kd8 {[%emt 0:00:00]} 32. Rxh5 {[%emt 0:02:13]} Ke7 {[%emt 0:00:03]} 33. Bf5 {[%emt 0:00:00]} Na7 {[%emt 0:00:12]} 34. Rh7+ {[%emt 0:00:28]} Kd6 {[%emt 0:00:16]} 35. Rf7 {[%emt 0:03:57]} Nc6 {[%emt 0:00:27]} 36. Rxf6+ {[%emt 0:00:02]} Kc7 {[%emt 0:00:07]} 37. h4 {[%emt 0:01:32]} 1-0

[Event "4NCL 2019-20"]
[Site "Daventry"]
[Date "2020.02.09"]
[Round "6"]
[White "Toma, Katarzyna"]
[Black "Antoniewski, Rafal"]
[Result "1/2-1/2"]
[WhiteElo "2293"]
[BlackElo "2496"]
[Annotator "TA"]
[PlyCount "89"]
[EventDate "2020.01.11"]
[EventCountry "ENG"]
[SourceTitle "playchess.com"]
[Source "ChessBase"]
[SourceQuality "1"]

{[%evp 15,89,18,38,6,27,14,5,16,18,25,6,19,31,27,25,14,49,53,43,42,53,29,33,0,22,28,27,25,17,0,0,-22,-12,-35,1179,-37,-42,-705,-42,-37,-35,-44,-44,-44,-41,-41,-41,-41,-41,-45,-41,-36,-25,-44,-39,-43,-29,-32,-29,-28,-29,-28,-29,-41,-16,-27,-22,-27,0,0,0,0,0,0,0,0]} 1. e4 c5 2. Nf3 Nc6 3. d4 cxd4 4. Nxd4 Nf6 5. Nc3 d6 6. Be2 e5 7. Nb3 h6 8. Be3 Be7 9. Qd2 {B59: Classical Sicilian: 6 Be2 e5 7 Nb3.} Be6 10. O-O-O a5 {[#]} 11. Qe1 $146 ({Predecessor:} 11. a4 O-O 12. Kb1 Rc8 13. h3 Nb4 14. Bf3 Nd7 15. Bg4 Rc6 16. Na1 Qb8 17. Nd5 {0-1 (35) Der Manuelian,H (2161)-Mencinger,V (2372) Maribor 2015}) 11... Qc8 12. Bb5 O-O {And now ...Nb4 would win.} 13. Kb1 $1 Na7 14. Bxa7 Rxa7 {[%cal Ba8a7,Ba7c7,Bc7c5,Bc5d5][%mdl 32]} 15. Rd3 Qa8 16. a4 b6 17. f3 Rc7 18. Nd2 Rc5 19. Nb3 (19. Qe3 {keeps more tension.} Rfc8 20. Rd1 d5 21. exd5 Nxd5 22. Nxd5 Rxd5 23. Ne4) 19... Bxb3 20. cxb3 d5 21. exd5 Nxd5 22. Nxd5 Rxd5 23. Qe4 Rxd3 24. Qxa8 Rfd8 $2 {[%mdl 8192] [#]} (24... Rxa8 $15 25. Bxd3 Rd8) 25. Qb8 $2 (25. Qb7 $18) 25... Rxb8 $15 26. Bc4 $2 {[%mdl 8192]} (26. Bxd3 $15 Rd8 27. Kc2) 26... Ra8 $2 ({Black should play} 26... Rd2 $19 27. Re1 Rbd8 28. Rxe5 Bf6) 27. Bxd3 {[%mdl 4096] Endgame KRB-KRB} Bc5 28. Rd1 g6 29. Bc4 Ra7 30. Rd8+ Kg7 31. Kc2 h5 32. Kd3 Re7 33. Bd5 f5 34. g3 Bg1 35. h3 $1 Bf2 36. g4 Kf6 37. Ke2 Bc5 38. gxh5 gxh5 39. Rf8+ Kg5 40. h4+ Kg6 41. Rg8+ Rg7 {With the idea ...Rxg8.} 42. Re8 {The position is equal.} Re7 43. Rg8+ Rg7 44. Re8 Re7 45. Rg8+ {Accuracy: White = 93%, Black = 96%.} 1/2-1/2

[Event "4NCL 2019-20"]
[Site "Daventry"]
[Date "2020.02.09"]
[Round "6"]
[White "Delaney, Killian"]
[Black "Bates, Richard A"]
[Result "1/2-1/2"]
[WhiteElo "2287"]
[BlackElo "2351"]
[Annotator "TA"]
[PlyCount "89"]
[EventDate "2020.01.11"]
[EventCountry "ENG"]
[SourceTitle "playchess.com"]
[Source "ChessBase"]
[SourceQuality "1"]

{[%evp 10,89,45,35,51,0,50,48,61,54,54,57,58,62,89,89,124,76,115,114,157,68,115,116,114,112,120,109,97,116,112,104,109,102,145,126,200,181,260,107,180,197,199,210,187,205,211,151,358,212,324,331,324,316,319,316,315,299,244,-88,-88,-95,-90,-72,-85,-313,-295,-300,-304,-181,-17,-372,-8,-8,-8,-8,-8,-14,-14,-16,-8,-14]} 1. c4 g6 2. Nc3 Bg7 3. d4 Nf6 4. e4 d6 5. Be2 O-O 6. Be3 Na6 {E73: King's Indian: Averbakh Variation without 6...c5.} 7. g4 (7. Nf3 $14) 7... e5 {[#] Strongly threatening ...Nxg4!} 8. d5 $1 Nc5 {White is slightly better.} 9. f3 $1 a5 10. h4 h5 11. g5 Nh7 12. Qd2 f5 13. O-O-O {[#]} a4 $146 ({Predecessor:} 13... b6 14. Nh3 Rf7 15. exf5 Bxf5 16. Nf2 Nf8 17. Nfe4 Nfd7 18. b3 Qe7 {0-1 (26) Lukacs,P (2460)-Uhlmann,W (2575) Bucharest 1978}) 14. Bxc5 dxc5 15. d6 (15. a3 $16) 15... Be6 16. Nb5 cxd6 17. Qxd6 Qxd6 18. Rxd6 Ra6 19. Rxa6 bxa6 20. Nc7 Bd7 21. Bd3 a3 22. bxa3 Kf7 (22... f4 $16) 23. Ne2 $18 Rb8 (23... f4 $142 24. Nxa6 Rd8) 24. Kd2 (24. Nxa6 $18 {and White stays clearly on top.} Ra8 25. Nxc5 Rxa3 26. Kb2) 24... Rb7 (24... Rb2+ $16 {was worth a try.} 25. Bc2 Nf8) 25. Nxa6 Bf8 26. Rb1 Rxb1 27. Bxb1 Bd6 28. Nc3 Bc8 $2 (28... f4 $16 29. Nb5 Ke7) 29. exf5 (29. Nb5 $142 Ke7 30. exf5 gxf5 31. Nac7 Bxc7 32. Nxc7) 29... gxf5 (29... Nxg5 {might work better.} 30. hxg5 (30. fxg6+ Kf8 $16) 30... Bxa6) 30. Nb5 Be7 31. Nac7 Nf8 32. a4 Ng6 33. a5 Nxh4 34. a6 $2 (34. Ke2 $18) 34... Nxf3+ $17 {[%mdl 64] Double Attack} 35. Ke3 {[#]} e4 $1 36. a7 Bb7 37. a8=Q $2 (37. g6+ $17 {keeps fighting.} Kxg6 38. Nd5) 37... Bxg5+ $19 ({Less strong is} 37... Bxa8 38. Nxa8 h4 39. Kf2 $17) 38. Ke2 Bxa8 39. Nxa8 h4 $2 (39... Nd2 $19 40. Bc2 h4) 40. Nac7 $2 {[%mdl 8192]} (40. Bxe4 $1 $11 fxe4 41. Nd6+ Kg6 42. Nxe4) 40... h3 $2 (40... Nd2 $19 41. Nd6+ Kg6) 41. Nd6+ $11 {The position is equal.} Kg6 42. Nxe4 $1 Nd4+ 43. Kf1 fxe4 44. Bxe4+ Kf6 45. Bb7 {Accuracy: White = 56%, Black = 44%.} 1/2-1/2